Educación actual : (Record no. 192684)

MARC details
000 -LEADER
campo de control de longitud fija 01372nam a2200397 i 4500
001 - NÚMERO DE CONTROL
campo de control 192684
003 - IDENTIFICADOR DE NÚMERO DE CONTROL
campo de control SpMaBN
005 - FECHA Y HORA DE LA ÚLTIMA TRANSACCIÓN
campo de control 20250829125834.0
007 - CAMPO FIJO DE DESCRIPCIÓN FÍSICA--INFORMACIÓN GENERAL
campo de control de longitud fija ta
008 - DATOS DE LONGITUD FIJA--INFORMACIÓN GENERAL
campo de control de longitud fija 230511s2020 sp a | |||| 000 0 spa
020 ## - NÚMERO INTERNACIONAL ESTÁNDAR DEL LIBRO
Número Internacional Estándar del Libro 9788487372230
040 ## - FUENTE DE CATALOGACIÓN
Centro catalogador/agencia de origen SpMaBN
Lengua de catalogación spa
Centro/agencia transcriptor ES-MaACL
Normas de descripción rda
044 ## - CÓDIGO DEL PAÍS DE LA ENTIDAD EDITORA/PRODUCTORA
Código MARC del país sp
080 ## - NÚMERO DE LA CLASIFICACIÓN DECIMAL UNIVERSAL
Número de la Clasificación Decimal Universal 37.012
080 ## - NÚMERO DE LA CLASIFICACIÓN DECIMAL UNIVERSAL
Número de la Clasificación Decimal Universal 37.091.6
245 00 - MENCIÓN DEL TÍTULO
Título Educación actual :
Nombre de parte o sección de la obra momento presente /
Mención de responsabilidad, etc. Miguel-Héctor Fernández-Carrión, edición ; Alain Touraine ... [et al.]
250 ## - MENCION DE EDICION
Mención de edición Primera edición: 2020
260 ## - PUBLICACIÓN, DISTRIBUCIÓN, ETC.
Lugar de publicación, distribución, etc. Madrid :
Nombre del editor, distribuidor, etc. Albahaca Publicaciones,
Fecha de publicación, distribución, etc. 2020
300 ## - DESCRIPCIÓN FÍSICA
Extensión 254 páginas :
Otras características físicas gráficos (blanco y negro) ;
Dimensiones 21 cm
336 ## - TIPO DE CONTENIDO
Término de tipo de contenido Texto
Fuente rdacontent
337 ## - TIPO DE MEDIO
Nombre/término del tipo de medio sin mediación
Fuente rdamedia
338 ## - TIPO DE SOPORTE
Nombre/término del tipo de soporte volumen
Fuente rdacarrier
490 1# - MENCIÓN DE SERIE
Mención de serie Educación actual ;
Designación de volumen o secuencia 4
500 ## - NOTA GENERAL
Nota general Índice
504 ## - NOTA DE BIBLIOGRAFÍA, ETC.
Nota de bibliografía, etc. Referencias bibliográficas
546 ## - NOTA DE IDIOMA
Nota de lengua/lenguaje Texto en español e inglés
650 #0 - PUNTO DE ACCESO ADICIONAL DE MATERIA--TÉRMINO DE MATERIA
Término de materia o nombre geográfico como elemento de entrada Pedagogía-
Subdivisión general Investigación
9 (RLIN) 235353
650 #7 - PUNTO DE ACCESO ADICIONAL DE MATERIA--TÉRMINO DE MATERIA
Término de materia o nombre geográfico como elemento de entrada Tecnología educativa
Fuente del encabezamiento o término embne
9 (RLIN) 170727
700 1# - ENTRADA AGREGADA--NOMBRE PERSONAL
Nombre de persona Fernández-Carrión, Miguel-Héctor,
Fechas asociadas al nombre 1955-
Término indicativo de función/relación Editor literario
9 (RLIN) 35796
700 1# - ENTRADA AGREGADA--NOMBRE PERSONAL
Nombre de persona Touraine, Alain,
Fechas asociadas al nombre 1925-2023
Término indicativo de función/relación Autor
9 (RLIN) 111138
830 ## - PUNTO DE ACCESO ADICIONAL DE SERIE-TÍTULO UNIFORME
Título uniforme Educación actual ;
9 (RLIN) 182606
Designación de volumen o secuencia 4
852 ## - LOCALIZACIÓN
Ubicación ES-MaACL
Sublocalización o colección R.153231
Ubicación en estantería Depósito J
Donativo/Legado Donación: Editorial
Número de control de estantería N-8307
itemnumber 199980
942 ## - ELEMENTOS DE ENTRADA SECUNDARIOS (KOHA)
Suprimir en OPAC No
Tipo de ítem Koha Libro impreso
Holdings
Estatus retirado Estado de pérdida Fuente del sistema de clasificación o colocación Estado de daño No para préstamo Biblioteca de origen Biblioteca actual Ubicación en estantería Fecha de adquisición Fuente de adquisición Total de préstamos Signatura topográfica completa Código de barras Visto por última vez Tipo de ítem Koha
    Clasificación decimal universal     Biblioteca del Ateneo de Madrid Biblioteca del Ateneo de Madrid Sala Pecera Depósito 2 21/10/2021 Donación   N-8307 101205249 12/05/2023 Libro impreso